Pokémon fusionnés avec Qulbutoké - Statistiques

Statistiques générales
  • Ce quiz a été pris 139 fois
  • Le résultat moyen est 14 sur 16
Statistiques - réponses
Par images Réponse % Correct
Alakazam
99%
Florizarre
98%
Magmar
98%
Rondoudou
96%
Pingoléon
90%
Amonita
87%
Créfollet
86%
Yanma
86%
Darumacho
85%
Rosélia
84%
Méditikka
82%
Moufouette
81%
Barbicha
80%
Chimpenfeu
80%
Sépiatroce
69%
Oratoria
64%
Aucun quiz correspondant
Distribution des résultats
% des personnes avec chaque résultat
Percentile par nombre de réponses
Votre historique - résultats
Vous n’avez pas pris ce quiz